[Event "SG Porz 1 - Bahn-SC Wuppertal 1"]
[Site "Oberliga NRW 2018/2019"]
[Date "2018.12.09"]
[Round "4.2"]
[White "Rotstein, Arkadij"]
[Black "Savchenko, Aleksij"]
[Result "1/2-1/2"]
[WhiteElo "2467"]
[BlackElo "2284"]
[PlyCount "137"]
[EventDate "2018.??.??"]
[WhiteTeam "SG Porz 1"]
[BlackTeam "Bahn-SC Wuppertal 1"]

1. d4 Nf6 2. Nf3 g6 3. Nbd2 Bg7 4. e4 d6 5. Bb5+ c6 6. Bd3 O-O 7. O-O a5 8. a4
Na6 9. Re1 Nb4 10. Bf1 d5 11. e5 Ne8 12. c3 Na6 13. Nb3 Nac7 14. Be3 f6 15. h3
Ne6 16. Nc1 fxe5 17. Nxe5 Bxe5 18. dxe5 c5 19. Nd3 b6 20. g3 Bb7 21. Bg2 Qc7
22. Nf4 Nxf4 23. Bxf4 Rd8 24. Qg4 Ng7 25. e6 Qc8 26. Rad1 Rf5 27. h4 Nxe6 28.
Bh6 Rd6 29. Rd2 d4 30. Bxb7 Qxb7 31. Rde2 Kf7 32. Re4 d3 33. Bd2 h5 34. Qd1 Qd5
35. c4 Qb7 36. Bc3 d2 37. R1e2 Qd7 38. Rxd2 Rxd2 39. Qxd2 Qxd2 40. Bxd2 Nd4 41.
Kg2 Nf3 42. Bf4 Nd4 43. Be5 Nf3 44. Bf4 Nd4 45. Bc7 Rf6 46. Be5 Re6 47. f3 Nf5
48. b3 Nd6 49. Re2 Ke8 50. Kf2 Nf5 51. f4 Rc6 52. Kf3 Nh6 53. Rd2 Rc8 54. Rd5
Rc6 55. Bg7 Nf5 56. Bc3 Re6 57. Be5 Nh6 58. Bc7 Nf5 59. Rd8+ Kf7 60. Be5 Nh6
61. Rh8 Ng4 62. Rb8 Rc6 63. Ke4 Nf6+ 64. Kd3 Nd7 65. Rd8 Nf6 66. Kc3 Ke6 67.
Bxf6 exf6 68. Rd5 f5 69. Rd8 1/2-1/2

[Event "SG Porz 1 - Bahn-SC Wuppertal 1"]
[Site "Oberliga NRW 2018/2019"]
[Date "2018.12.09"]
[Round "4.3"]
[White "Bashilin, Roman"]
[Black "Xu, Xianliang"]
[Result "1/2-1/2"]
[WhiteElo "2218"]
[BlackElo "2463"]
[PlyCount "31"]
[EventDate "2018.??.??"]
[WhiteTeam "Bahn-SC Wuppertal 1"]
[BlackTeam "SG Porz 1"]

1. d4 d5 2. Nf3 Nc6 3. Bf4 Bg4 4. Nbd2 e6 5. c3 Bd6 6. Bxd6 cxd6 7. h3 Bh5 8.
e3 Bg6 9. Be2 h6 10. O-O Nf6 11. c4 dxc4 12. Nxc4 O-O 13. Qb3 Qd7 14. Rfc1 Rac8
15. Qa3 Rfd8 16. Bd3 1/2-1/2

[Event "SG Porz 1 - Bahn-SC Wuppertal 1"]
[Site "Oberliga NRW 2018/2019"]
[Date "2018.12.09"]
[Round "4.5"]
[White "Khanukov, Boris"]
[Black "Malykin, Vitaly"]
[Result "1/2-1/2"]
[WhiteElo "2171"]
[BlackElo "2296"]
[PlyCount "80"]
[EventDate "2018.??.??"]
[WhiteTeam "Bahn-SC Wuppertal 1"]
[BlackTeam "SG Porz 1"]

1. d4 d5 2. c4 c6 3. Nf3 Nf6 4. e3 e6 5. Nc3 Nbd7 6. Qc2 b6 7. cxd5 exd5 8. Be2
Bb7 9. O-O Bd6 10. b3 Qe7 11. Bb2 O-O 12. Rfe1 Rae8 13. Nd2 b5 14. Bf3 b4 15.
Ne2 Ne4 16. Bxe4 dxe4 17. Ng3 Bxg3 18. hxg3 c5 19. a3 Rc8 20. Nc4 cxd4 21. Bxd4
bxa3 22. Qc3 f6 23. Qa5 a6 24. Red1 Rfd8 25. Nxa3 Nf8 26. Nc4 Rd5 27. Qe1 Rcd8
28. Ra5 Ne6 29. Rxd5 Rxd5 30. Bb6 Qd7 31. Rxd5 Bxd5 32. Qd2 Qb5 33. Nd6 Qd3 34.
Qc1 Qxb3 35. Qc8+ Nf8 36. Bc5 Be6 37. Qxa6 Qd1+ 38. Qf1 Qd5 39. Bb4 Nd7 40. Nb5
Qc4 1/2-1/2

[Event "SG Porz 1 - Bahn-SC Wuppertal 1"]
[Site "Oberliga NRW 2018/2019"]
[Date "2018.12.09"]
[Round "4.6"]
[White "Pauly, Carlo"]
[Black "Savchenko, Daniel"]
[Result "0-1"]
[WhiteElo "2280"]
[BlackElo "2105"]
[PlyCount "60"]
[EventDate "2018.??.??"]
[WhiteTeam "SG Porz 1"]
[BlackTeam "Bahn-SC Wuppertal 1"]

1. Nf3 Nf6 2. c4 e6 3. b3 Be7 4. Bb2 d5 5. e3 c5 6. Be2 Nbd7 7. Nc3 b6 8. g4
Bb7 9. Rg1 O-O 10. g5 Ne4 11. Qc2 f5 12. h4 a6 13. a4 Qc7 14. d3 Nd6 15. h5 f4
16. h6 g6 17. cxd5 exd5 18. Nxd5 Bxd5 19. e4 Be6 20. Qc3 Kf7 21. Qg7+ Ke8 22.
Qxh7 Rg8 23. Rc1 Nf8 24. Qg7 Rxg7 25. hxg7 Nd7 26. d4 Nxe4 27. Bd3 Qb7 28. Rh1
Kf7 29. Rh8 Rg8 30. d5 Bxd5 0-1

[Event "SG Porz 1 - Bahn-SC Wuppertal 1"]
[Site "Oberliga NRW 2018/2019"]
[Date "2018.12.09"]
[Round "4.7"]
[White "Tueckmantel, Rene"]
[Black "Fieberg, Samuel"]
[Result "0-1"]
[WhiteElo "2118"]
[BlackElo "2135"]
[PlyCount "130"]
[EventDate "2018.??.??"]
[WhiteTeam "Bahn-SC Wuppertal 1"]
[BlackTeam "SG Porz 1"]

1. e4 g6 2. Nc3 Bg7 3. d4 c6 4. Be2 d5 5. Nf3 Bg4 6. exd5 cxd5 7. Ne5 Bxe2 8.
Qxe2 a6 9. O-O e6 10. Re1 Qe7 11. Qd3 Nd7 12. Bf4 Nxe5 13. Bxe5 Bxe5 14. Rxe5
Nf6 15. Rae1 Qd8 16. Na4 O-O 17. Nc5 Qc8 18. Qb3 Qc6 19. f3 b6 20. Nd3 b5 21.
R5e3 Rfc8 22. Nc5 Nd7 23. Nxd7 Qxd7 24. c3 Rc4 25. Qd1 Qc7 26. Qd2 Rc8 27. a3
a5 28. Rd3 b4 29. axb4 axb4 30. cxb4 Rc2 31. Qd1 Rxb2 32. Rb3 Rxb3 33. Qxb3 Qb6
34. b5 Qxd4+ 35. Kh1 Qf2 36. Rg1 Qc2 37. Qxc2 Rxc2 38. Rb1 Rc7 39. b6 Rb7 40.
Kg1 Kf8 41. Kf2 Ke7 42. Ke3 Kd6 43. f4 Kc6 44. Rc1+ Kxb6 45. Kd4 f6 46. Rc8 Rc7
47. Rb8+ Kc6 48. Rf8 Kd6 49. Rd8+ Rd7 50. Re8 Rc7 51. Rd8+ Ke7 52. Rh8 Rc4+ 53.
Ke3 e5 54. Rxh7+ Ke6 55. fxe5 fxe5 56. Rg7 Kf6 57. Rd7 Rc3+ 58. Kd2 d4 59. Rd8
Ra3 60. Ke2 Kf5 61. Rg8 Ra2+ 62. Kf1 d3 63. g4+ Ke4 64. Rxg6 Ra1+ 65. Kf2 d2
0-1

[Event "SG Porz 1 - Bahn-SC Wuppertal 1"]
[Site "Oberliga NRW 2018/2019"]
[Date "2018.12.09"]
[Round "4.8"]
[White "Wagenknecht, Uwe"]
[Black "Patscha, Elias"]
[Result "0-1"]
[WhiteElo "2165"]
[BlackElo "2022"]
[PlyCount "60"]
[EventDate "2018.??.??"]
[WhiteTeam "SG Porz 1"]
[BlackTeam "Bahn-SC Wuppertal 1"]

1. Nf3 d5 2. b4 c6 3. Bb2 a5 4. bxa5 Nf6 5. e3 Bf5 6. Nd4 Bg4 7. f3 Bh5 8. Nb3
e6 9. Be2 Bd6 10. f4 Bxe2 11. Qxe2 Nbd7 12. O-O O-O 13. c4 e5 14. cxd5 Nxd5 15.
Nc3 N5f6 16. Qc4 exf4 17. exf4 Re8 18. g3 Qe7 19. Rf2 Bc5 20. d4 Bb4 21. Re2
Qd6 22. Rxe8+ Nxe8 23. Re1 Nef6 24. Re5 Bxc3 25. Bxc3 Nxe5 26. fxe5 Qd5 27. Qb4
Ng4 28. Qxb7 Re8 29. Qa6 Qf3 30. Be1 Ne3 0-1

[Event "SK Münster 1 - SV Dinslaken 1"]
[Site "Oberliga NRW 2018/2019"]
[Date "2018.12.09"]
[Round "4.1"]
[White "Tereick, Benjamin"]
[Black "Webb, Laurence"]
[Result "1/2-1/2"]
[WhiteElo "2364"]
[BlackElo "2287"]
[PlyCount "145"]
[EventDate "2018.??.??"]
[WhiteTeam "SV Dinslaken 1"]
[BlackTeam "SK Münster 1"]

1. c4 e5 2. Nc3 Nc6 3. g3 f5 4. e3 Nf6 5. d4 d6 6. Bg2 g6 7. Nge2 Bg7 8. b3 O-O
9. Bb2 Nh5 10. dxe5 dxe5 11. Ba3 Re8 12. Qxd8 Rxd8 13. Bd5+ Kh8 14. Nb5 e4 15.
O-O-O Be5 16. Ned4 Bd7 17. f4 Nxd4 18. Nxd4 Bxd4 19. Rxd4 Bc6 20. Bxc6 bxc6 21.
Bb2 Kg8 22. Rhd1 Rxd4 23. Bxd4 Kf7 24. Be5 Ke7 25. Bxc7 Nf6 26. Kd2 Rc8 27. Ba5
Ng4 28. Ke2 c5 29. h3 Nh2 30. Rd5 Nf3 31. Kf2 Rc6 32. g4 Ke6 33. Kg3 h5 34. Bd8
Rd6 35. Rxd6+ Kxd6 36. gxh5 gxh5 37. Ba5 Kc6 38. Kf2 a6 39. Ke2 Ng1+ 40. Kf1
Nf3 41. Kf2 Kd6 42. Kg3 Kc6 43. Bd8 Kd7 44. Bf6 Kd6 45. Bb2 Kc6 46. Bg7 Kd6 47.
Bf8+ Kc6 48. Be7 Kb6 49. a3 Kc6 50. a4 Kb6 51. a5+ Kc6 52. Bf8 h4+ 53. Kf2 Nd2
54. b4 cxb4 55. Bxb4 Nxc4 56. Be7 Nxa5 57. Bxh4 Kd5 58. Bf6 Ke6 59. Bc3 Nc4 60.
h4 Kf7 61. h5 Kg8 62. Kg3 Nxe3 63. Kh4 Nd5 64. Ba5 Nxf4 65. Kg5 Ng2 66. Kxf5 e3
67. Ke4 e2 68. Kd3 e1=Q 69. Bxe1 Nxe1+ 70. Kc3 Kh7 71. Kb4 Nd3+ 72. Ka5 Nc5 73.
Kb6 1/2-1/2

[Event "SK Münster 1 - SV Dinslaken 1"]
[Site "Oberliga NRW 2018/2019"]
[Date "2018.12.09"]
[Round "4.2"]
[White "Holtel, Jasper"]
[Black "Sielecki, Christof"]
[Result "1/2-1/2"]
[WhiteElo "2206"]
[BlackElo "2410"]
[Annotator "Daniel"]
[PlyCount "83"]
[EventDate "2018.??.??"]
[WhiteTeam "SK Münster 1"]
[BlackTeam "SV Dinslaken 1"]

1. e4 c5 2. Nf3 Nc6 3. Bb5 Nf6 4. Bxc6 dxc6 5. d3 Bg4 6. h3 Bh5 7. b3 Qa5+ 8.
Bd2 Qc7 9. Bc3 Nd7 10. e5 Bxf3 11. Qxf3 e6 12. Nd2 Nb6 13. O-O Nd5 14. Bb2 a5
15. Ne4 a4 16. Rfe1 Nb4 17. Re2 a3 18. Bc3 Nd5 19. Nd6+ Bxd6 20. exd6 Qxd6 21.
Bxg7 Rg8 22. Be5 Qf8 23. Rae1 O-O-O 24. Bh2 Qg7 25. Bg3 b6 $11 26. Re4 Kb7 27.
Ra4 Ra8 28. Rg4 Qf8 29. Rxg8 $11 Qxg8 30. c4 Nb4 31. Re2 Rd8 32. Qf4 Rxd3 33.
Qc1 Qd8 34. Kh2 Rd1 35. Qh6 Qd3 36. Qf4 Qd7 37. Qb8+ Ka6 38. Qa8+ Qa7 39. Qe8
Qd7 40. Qa8+ Qa7 41. Qe8 Qd7 42. Qa8+ 1/2-1/2

[Event "SK Münster 1 - SV Dinslaken 1"]
[Site "Oberliga NRW 2018/2019"]
[Date "2018.12.09"]
[Round "4.3"]
[White "Strijbos, Maarten"]
[Black "Wolter, Kai"]
[Result "1/2-1/2"]
[WhiteElo "2329"]
[BlackElo "2252"]
[PlyCount "62"]
[EventDate "2018.??.??"]
[WhiteTeam "SV Dinslaken 1"]
[BlackTeam "SK Münster 1"]

1. e4 c5 2. Nc3 Nc6 3. g3 g6 4. Bg2 Bg7 5. d3 d6 6. Be3 e5 7. Qd2 Nge7 8. Nf3
Nd4 9. Nh4 O-O 10. O-O f5 11. exf5 gxf5 12. f4 Be6 13. Rae1 Qd7 14. Rf2 Rae8
15. fxe5 dxe5 16. Bh6 Nec6 17. Bxg7 Qxg7 18. Nf3 Kh8 19. Ne2 Nxf3+ 20. Bxf3 Bd7
21. Bg2 b6 22. Kh1 Ne7 23. Nc3 Bc6 24. Ref1 Bxg2+ 25. Kxg2 f4 26. Kh1 fxg3 27.
Rxf8+ Rxf8 28. Rxf8+ Qxf8 29. hxg3 Qf3+ 30. Qg2 Qxg2+ 31. Kxg2 Nf5 1/2-1/2

[Event "SK Münster 1 - SV Dinslaken 1"]
[Site "Oberliga NRW 2018/2019"]
[Date "2018.12.09"]
[Round "4.4"]
[White "Wilde, Pierre"]
[Black "Welzel, Philipp"]
[Result "1/2-1/2"]
[WhiteElo "2212"]
[BlackElo "2199"]
[Annotator "Daniel"]
[PlyCount "105"]
[EventDate "2018.??.??"]
[WhiteTeam "SK Münster 1"]
[BlackTeam "SV Dinslaken 1"]

1. c4 e5 2. g3 Nc6 3. Nc3 Bc5 4. Nf3 d6 5. e3 Bg4 6. h3 Bh5 7. a3 Nf6 8. g4 Bg6
9. d4 Bb6 10. b4 exd4 11. exd4 a6 12. Bg5 Qd7 13. Bxf6 gxf6 14. Qd2 O-O-O 15.
O-O-O h5 16. Rg1 hxg4 17. hxg4 f5 18. d5 $11 Ne7 19. g5 f4 20. Qxf4 Bxf2 21.
Rg2 Ba7 22. Nd4 Rh1 23. Be2 Rxd1+ 24. Bxd1 Kb8 25. Bg4 Qe8 26. Rh2 Qf8 27. Nf3
Re8 28. Kb2 Nc8 29. Qf6 Be3 30. Bd7 Rd8 31. Bf5 Nb6 32. Kb3 Nc8 33. Re2 Bb6 34.
Bxg6 fxg6 35. Nh4 Qxf6 36. gxf6 Rf8 37. Re6 g5 38. Ng6 Rf7 39. Ne4 Bd4 40. Nh8
Rf8 41. Ng6 Rf7 42. Kc2 g4 43. Kd3 g3 44. Nh4 Bb2 45. Ke2 Nb6 46. Nf3 Bxf6 47.
Nxf6 Nxc4 48. a4 a5 49. bxa5 Nxa5 $11 50. Nd4 Ka7 51. Kf3 Kb6 52. Kxg3 Kc5 53.
Nb5 1/2-1/2

[Event "SK Münster 1 - SV Dinslaken 1"]
[Site "Oberliga NRW 2018/2019"]
[Date "2018.12.09"]
[Round "4.5"]
[White "Mundorf, Johannes"]
[Black "Chilla, Jan Eric"]
[Result "1/2-1/2"]
[WhiteElo "2169"]
[BlackElo "2206"]
[Annotator "Daniel"]
[PlyCount "133"]
[EventDate "2018.??.??"]
[WhiteTeam "SV Dinslaken 1"]
[BlackTeam "SK Münster 1"]

1. Nf3 Nf6 2. g3 d5 3. Bg2 e6 4. O-O c5 5. d4 cxd4 6. Nxd4 e5 7. Nb3 Be6 8. c4
Nc6 9. cxd5 Nxd5 10. Nc3 Nxc3 11. Qxd8+ Kxd8 12. bxc3 Rc8 13. Be3 b6 14. Rfd1+
Ke8 15. Bd5 Ba3 16. Bxe6 fxe6 17. Bc1 Bxc1 18. Raxc1 Ke7 19. Rd3 Rhd8 20. Rcd1
e4 21. R3d2 a5 22. Rxd8 Nxd8 23. Rc1 Nf7 24. c4 a4 25. Nd2 Nd6 26. Rb1 e3 27.
fxe3 Nxc4 28. Ne4 Rc6 29. Rb4 a3 30. Rb3 Kd7 31. Kf2 $11 h6 32. Ke1 Kc7 33. Nc3
Rc5 34. Nb5+ Kc6 35. Nxa3 Nd6 36. Kf2 Ne4+ 37. Kg2 Nc3 38. Nc2 Nxe2 39. Rb2 Kb7
40. Nd4 Nxd4 41. exd4 Rc4 42. Re2 Rxd4 43. Kf3 Rd6 44. Kg4 Kc6 45. Kh5 Rd5+ 46.
Kg6 Rg5+ 47. Kf7 e5 48. Ke6 Kc5 49. Re4 b5 50. a3 h5 51. Rb4 Rg4 52. Rxg4 hxg4
53. Kxe5 Kc4 54. Kd6 Kb3 55. Kc5 Ka4 56. Kc6 Ka5 57. Kc5 Ka4 58. Kc6 Kxa3 59.
Kxb5 Kb3 60. Kc5 Kc3 61. Kd5 Kd3 62. Ke5 Ke3 63. Kf5 Kf3 64. Kg5 Kg2 65. Kxg4
Kxh2 66. Kh4 g5+ 67. Kxg5 1/2-1/2

[Event "SK Münster 1 - SV Dinslaken 1"]
[Site "Oberliga NRW 2018/2019"]
[Date "2018.12.09"]
[Round "4.6"]
[White "Kamp, Christoph"]
[Black "Ossig, Rainer"]
[Result "1/2-1/2"]
[WhiteElo "2235"]
[BlackElo "2159"]
[Annotator "Daniel"]
[PlyCount "156"]
[EventDate "2018.??.??"]
[WhiteTeam "SK Münster 1"]
[BlackTeam "SV Dinslaken 1"]

1. c4 c5 2. Nf3 Nc6 3. d4 cxd4 4. Nxd4 Qb6 5. Nb3 Nf6 6. Nc3 e6 7. e4 Bb4 8.
Be3 Qc7 9. f3 O-O 10. Rc1 d5 11. cxd5 exd5 12. exd5 Qe5 13. dxc6 Qxe3+ 14. Qe2
Qg5 15. Qf2 bxc6 16. Be2 Be6 17. Qg3 Qe3 18. f4 Qb6 19. Qf2 Bxb3 20. Qxb6 axb6
21. axb3 Ra2 22. O-O Rxb2 23. Bd1 Bc5+ 24. Kh1 Be3 25. Ra1 Bd4 26. Rc1 Be3 27.
Ra1 Rd8 28. Na4 Rbd2 29. Bf3 b5 30. Nc3 Bxf4 31. Ne4 Nxe4 32. Bxe4 Be5 33. Rac1
b4 34. Bxc6 g6 35. Bb5 Kg7 36. Bc4 R8d7 37. Rce1 Bc3 38. Re2 Rxe2 39. Bxe2 f5
40. Rd1 Re7 41. Bb5 Kf6 42. Kg1 Ra7 43. Ba4 Ke6 44. Kf2 g5 45. h3 Ra5 46. Rd8
h5 47. Re8+ Kf7 48. Rc8 Rd5 49. Be8+ Kf6 50. Bxh5 Rd2+ 51. Kf1 Rb2 52. Rc6+ Ke5
53. Bf7 Kf4 54. Rd6 Rb1+ 55. Kf2 Rb2+ 56. Kf1 g4 57. hxg4 fxg4 58. Rd1 Ke3 59.
Bc4 Kf4 60. g3+ Kxg3 61. Rd3+ Kh2 62. Rd6 Kg3 63. Rd3+ Kf4 64. Bd5 g3 65. Rd1
Bd2 66. Ke2 Be3+ 67. Kd3 g2 68. Bxg2 Rxg2 69. Kc4 Bd2 70. Rf1+ Ke5 71. Rf8 Rg6
72. Re8+ Re6 73. Rd8 Rc6+ 74. Kb5 Rd6 75. Re8+ Kd4 76. Rh8 Kc3 77. Ka4 Ra6+ 78.
Kb5 Ra2 {Rest nicht lesbar!} 1/2-1/2

[Event "SK Münster 1 - SV Dinslaken 1"]
[Site "Oberliga NRW 2018/2019"]
[Date "2018.12.09"]
[Round "4.7"]
[White "Borchert, Rene"]
[Black "Bolwerk, Peter"]
[Result "1-0"]
[WhiteElo "2139"]
[BlackElo "2177"]
[PlyCount "127"]
[EventDate "2018.??.??"]
[WhiteTeam "SV Dinslaken 1"]
[BlackTeam "SK Münster 1"]

1. e4 c5 2. c3 Nf6 3. e5 Nd5 4. d4 cxd4 5. Nf3 e6 6. cxd4 d6 7. Bc4 Nc6 8. O-O
Be7 9. a3 O-O 10. Qc2 Qb6 11. Rd1 Bd7 12. Bd3 g6 13. Bh6 Rfd8 14. Be4 Rac8 15.
Qe2 a5 16. Bxd5 exd5 17. Nc3 Be6 18. exd6 Bxd6 19. Ng5 Re8 20. Qf3 Qd8 21. h4
Be7 22. Nxe6 fxe6 23. h5 Bg5 24. hxg6 hxg6 25. Bxg5 Qxg5 26. Nb5 Rf8 27. Qe2
Qf6 28. Rd3 Rce8 29. Qd2 Qg7 30. Re1 Re7 31. Rde3 Rf6 32. R1e2 g5 33. Rg3 Rg6
34. Rg4 Rf7 35. Re3 Rf4 36. Reg3 Rxg4 37. Rxg4 Qf6 38. Nd6 e5 39. dxe5 Qxe5 40.
Nxb7 d4 41. f4 Qe7 42. f5 Rg7 43. f6 Qxf6 44. Nxa5 Qf5 45. Nxc6 Qxg4 46. Qxd4
Qe6 47. Qd8+ Kh7 48. Qd3+ Rg6 49. Nd4 Qd5 50. g4 Qe5 51. Nf5 Re6 52. Ng3+ Kg8
53. Kg2 Qxb2+ 54. Kf3 Qb7+ 55. Kf2 Qb6+ 56. Kf3 Qc6+ 57. Ne4 Rf6+ 58. Kg3 Qc7+
59. Kg2 Rf7 60. Nxg5 Rg7 61. Qd5+ Kh8 62. Qf5 Qc6+ 63. Kf2 Qb6+ 64. Kg2 1-0

[Event "SK Münster 1 - SV Dinslaken 1"]
[Site "Oberliga NRW 2018/2019"]
[Date "2018.12.09"]
[Round "4.8"]
[White "Rott, Georg"]
[Black "Sonnenschein, Philipp"]
[Result "1-0"]
[WhiteElo "2141"]
[BlackElo "2096"]
[PlyCount "89"]
[EventDate "2018.??.??"]
[WhiteTeam "SK Münster 1"]
[BlackTeam "SV Dinslaken 1"]

1. e4 c5 2. Nf3 Nc6 3. Bb5 d6 4. O-O Bd7 5. c3 Nf6 6. Re1 a6 7. Bf1 Bg4 8. d3
e5 9. Bg5 Be7 10. Nbd2 O-O 11. h3 Be6 12. Nc4 Ne8 13. Bxe7 Nxe7 14. d4 f6 15.
Ne3 Ng6 16. g3 Nc7 17. dxc5 dxc5 18. Bc4 Bxc4 19. Nxc4 Ne6 20. Qd5 Qe7 21. Ne3
Rfd8 22. Qb3 Qf7 23. Rad1 b5 24. Rxd8+ Rxd8 25. Rd1 Rxd1+ 26. Qxd1 Qc7 27. Qd5
Kf7 28. Qa8 Qd6 29. Qb7+ Kg8 30. Nd5 c4 31. Nd2 Nc5 32. Qc8+ Nf8 33. Qe8 g6 34.
b4 Na4 35. Nf1 Kg7 36. Nfe3 h5 37. g4 Qe6 38. Qd8 hxg4 39. Nxg4 Nd7 40. Nc7 Qf7
41. Ne8+ Kh7 42. Qxd7 Qxd7 43. Nexf6+ Kg7 44. Nxd7 Nxc3 45. Nc5 1-0

[Event "SV Erkenschwick 1 - Klub Kölner SF 1"]
[Site "Oberliga NRW 2018/2019"]
[Date "2018.12.09"]
[Round "4.1"]
[White "Strohhaeker, Raoul"]
[Black "Jens, Jelmer"]
[Result "1/2-1/2"]
[WhiteElo "2416"]
[BlackElo "2399"]
[Annotator "Daniel"]
[PlyCount "99"]
[EventDate "2018.??.??"]
[WhiteTeam "Klub Kölner SF 1"]
[BlackTeam "SV Erkenschwick 1"]

1. e4 e5 2. Nf3 Nc6 3. Bc4 Bc5 4. c3 Nf6 5. d3 O-O 6. Nbd2 d5 7. exd5 Nxd5 8.
Ne4 Be7 9. b4 Bg4 10. h3 Bh5 11. O-O a6 12. a4 Kh8 13. Bb2 f6 14. Re1 Nf4 15.
a5 Bf7 16. Bxf7 Rxf7 17. Re3 Bf8 18. Qc2 Rd7 19. Ne1 Qe8 20. Bc1 Rad8 21. Rf3
Ne6 22. Qb3 Rd5 $11 23. Rxf6 Nf4 24. Bxf4 exf4 25. Rxf4 Qe5 26. g3 g5 27. Rg4
Qe7 28. h4 gxh4 29. Rxh4 Ne5 30. d4 Ng6 31. Rg4 Qe6 32. f3 h5 33. Rg5 Nf4 34.
Rxd5 Nxd5 35. Ng2 Bh6 36. Re1 Qh3 37. c4 h4 38. cxd5 hxg3 39. Nxg3 Qxg3 40. Re6
Bf4 41. Kf1 Qh3 42. Rg6 Bg3 43. Qe3 Qh1+ 44. Qg1 Qh3 45. Ke2 Qh7 46. Rxg3 Qc2+
47. Kf1 Qd3+ 48. Kf2 Qd2+ 49. Kf1 Qd3+ 50. Kf2 1/2-1/2

[Event "SV Erkenschwick 1 - Klub Kölner SF 1"]
[Site "Oberliga NRW 2018/2019"]
[Date "2018.12.09"]
[Round "4.2"]
[White "Willemze, Thomas"]
[Black "Morawietz, Dieter"]
[Result "1/2-1/2"]
[WhiteElo "2368"]
[BlackElo "2370"]
[PlyCount "191"]
[EventDate "2018.??.??"]
[WhiteTeam "SV Erkenschwick 1"]
[BlackTeam "Klub Kölner SF 1"]

1. e4 e6 2. d4 d5 3. Bd3 dxe4 4. Bxe4 Nf6 5. Bf3 Nc6 6. Ne2 e5 7. Bxc6+ bxc6 8.
O-O Bd6 9. dxe5 Bxe5 10. Qxd8+ Kxd8 11. Rd1+ Bd7 12. c4 Re8 13. Nbc3 a5 14. Bf4
Kc8 15. Bxe5 Rxe5 16. f3 Rb8 17. Rd2 Rb4 18. b3 c5 19. Nf4 Rb6 20. Rad1 a4 21.
bxa4 Ra6 22. Nd3 Rf5 23. Nb2 h6 24. Re1 Be6 25. Ne2 Re5 26. Nd3 Rg5 27. h4 Rh5
28. Nef4 Rxh4 29. Nxc5 Rxf4 30. Nxa6 Rxc4 31. Rb1 Nd7 32. a5 Rc3 33. Nb4 Ne5
34. Nd5 Bxd5 35. Rxd5 f6 36. Rb3 Rc2 37. a3 Rc4 38. Rb4 Rc6 39. Rdb5 Ra6 40.
Rb8+ Kd7 41. Rg8 g5 42. f4 Nc6 43. Rg7+ Kd6 44. Rc4 Ne7 45. Rh7 Nd5 46. Rxh6
gxf4 47. Ra4 Ke6 48. Rh5 c6 49. Kf2 Kf7 50. Kf3 Kg6 51. Rh1 Kf7 52. Re1 Kg6 53.
Rc1 Kf5 54. Ke2 Ke5 55. Kd3 Kd6 56. Rcc4 Ke5 57. Rc2 Kd6 58. Ke4 Ke6 59. Rd4
f5+ 60. Kf3 Kd6 61. Ra4 Ke5 62. Rc1 Kd6 63. Re1 Nb6 64. Rd1+ Nd5 65. Rxf4 Rxa5
66. Rxf5 Rxa3+ 67. Kf2 Ra2+ 68. Kg1 Ke6 69. Rg5 Kf6 70. Rg3 Ke5 71. Rc1 Nf4 72.
Re1+ Kd5 73. Rg5+ Kd6 74. Re4 Nd5 75. Rg6+ Kc5 76. Kh2 Ra3 77. g3 Rf3 78. Ree6
Nb4 79. Kh3 Kb5 80. Kh4 c5 81. Rb6+ Kc4 82. Rg4+ Kc3 83. Rg8 Nd5 84. Ra6 Ne3
85. g4 c4 86. Kh5 Kc2 87. g5 c3 88. Rc8 Rh3+ 89. Kg6 Rg3 90. Ra5 Kd2 91. Rd8+
Ke2 92. Rc5 c2 93. Re8 Kd2 94. Rd8+ Ke2 95. Re8 Kd2 96. Rd8+ 1/2-1/2

[Event "SV Erkenschwick 1 - Klub Kölner SF 1"]
[Site "Oberliga NRW 2018/2019"]
[Date "2018.12.09"]
[Round "4.3"]
[White "Helbig, Mark"]
[Black "Erwich, Frank"]
[Result "1/2-1/2"]
[WhiteElo "2336"]
[BlackElo "2324"]
[PlyCount "44"]
[EventDate "2018.??.??"]
[WhiteTeam "Klub Kölner SF 1"]
[BlackTeam "SV Erkenschwick 1"]

1. Nf3 Nf6 2. g3 b6 3. Bg2 Bb7 4. O-O g6 5. d4 Bg7 6. c4 O-O 7. Re1 e6 8. Nc3
Ne4 9. Qc2 Nxc3 10. bxc3 Nc6 11. Ba3 Re8 12. Rab1 Na5 13. Nd2 Bxg2 14. Kxg2 c5
15. dxc5 bxc5 16. Bxc5 Qc7 17. Bd4 e5 18. Be3 Nxc4 19. Nxc4 Qxc4 20. Qb3 Qc6+
21. Kg1 d5 22. Red1 d4 1/2-1/2

[Event "SV Erkenschwick 1 - Klub Kölner SF 1"]
[Site "Oberliga NRW 2018/2019"]
[Date "2018.12.09"]
[Round "4.4"]
[White "Van Beek, Alexander"]
[Black "Bayer, Ernst-Wolfgang"]
[Result "1-0"]
[WhiteElo "2269"]
[BlackElo "2218"]
[PlyCount "51"]
[EventDate "2018.??.??"]
[WhiteTeam "SV Erkenschwick 1"]
[BlackTeam "Klub Kölner SF 1"]

1. e4 d5 2. exd5 Qxd5 3. Nc3 Qd6 4. d4 Nf6 5. Nf3 c6 6. Ne5 Nbd7 7. Nc4 Qc7 8.
Qf3 Nb6 9. Bf4 Qd7 10. Nxb6 axb6 11. O-O-O Qg4 12. Qe3 Qe6 13. d5 Qxe3+ 14.
Bxe3 cxd5 15. Nxd5 Nxd5 16. Rxd5 e6 17. Bb5+ Ke7 18. Rd3 g6 19. Bxb6 Bh6+ 20.
Kb1 e5 21. Re1 f6 22. Rc3 Bd2 23. Rc7+ Ke6 24. Rd1 Ba5 25. Bxa5 Rxa5 26. Rxc8
1-0

[Event "SV Erkenschwick 1 - Klub Kölner SF 1"]
[Site "Oberliga NRW 2018/2019"]
[Date "2018.12.09"]
[Round "4.5"]
[White "Bonnmann, Reinhard"]
[Black "Langers, Alexander"]
[Result "0-1"]
[WhiteElo "2175"]
[BlackElo "2206"]
[PlyCount "140"]
[EventDate "2018.??.??"]
[WhiteTeam "Klub Kölner SF 1"]
[BlackTeam "SV Erkenschwick 1"]

1. d4 Nf6 2. Nf3 g6 3. c4 Bg7 4. Nc3 d5 5. cxd5 Nxd5 6. e3 O-O 7. Bc4 Nxc3 8.
bxc3 c5 9. O-O Nc6 10. Ba3 cxd4 11. cxd4 Na5 12. Be2 Be6 13. Qa4 b6 14. Rfc1 a6
15. Bb4 Nb7 16. Ne5 Bxe5 17. dxe5 Nc5 18. Bxc5 bxc5 19. Rxc5 Qb6 20. Qa3 Rfd8
21. Rc2 Ra7 22. Rac1 Rd5 23. Qc3 Qa5 24. f4 Qxc3 25. Rxc3 Ra5 26. a3 Rb7 27.
Bd1 Rb2 28. Bc2 Ra2 29. a4 Rb2 30. e4 Kf8 31. Rd1 g5 32. f5 Ba2 33. f6 exf6 34.
exf6 Rb8 35. Bb3 Bxb3 36. Rxb3 Re8 37. Rb4 Rae5 38. Rdd4 a5 39. Rbc4 h6 40. Rd5
Rxe4 41. Rxe4 Rxe4 42. Rxa5 Kg8 43. Ra6 Kh7 44. Kf2 Kg6 45. Kf3 Re1 46. g4 Rf1+
47. Ke3 Rh1 48. a5 Rxh2 49. Ra8 Ra2 50. a6 Kxf6 51. a7 Kg7 52. Kd4 h5 53. gxh5
g4 54. Ke3 g3 55. Rb8 Rxa7 56. Rb1 Kh6 57. Kf3 Ra3+ 58. Kg2 Kxh5 59. Kh3 Kg5
60. Rb8 f5 61. Rg8+ Kf4 62. Rb8 Kf3 63. Rb1 f4 64. Rf1+ Ke3 65. Re1+ Kf2 66.
Rb1 Ra2 67. Rc1 f3 68. Rb1 Re2 69. Ra1 g2 70. Kh2 Re1 0-1

[Event "SV Erkenschwick 1 - Klub Kölner SF 1"]
[Site "Oberliga NRW 2018/2019"]
[Date "2018.12.09"]
[Round "4.6"]
[White "Van Zutphen, Jimmy"]
[Black "Wisskirchen, Andreas"]
[Result "0-1"]
[WhiteElo "2182"]
[BlackElo "2202"]
[PlyCount "128"]
[EventDate "2018.??.??"]
[WhiteTeam "SV Erkenschwick 1"]
[BlackTeam "Klub Kölner SF 1"]

1. d4 Nf6 2. Bf4 g6 3. e3 Bg7 4. h3 O-O 5. Nf3 d5 6. Be2 c5 7. c3 Nc6 8. O-O
Qb6 9. Qb3 Qxb3 10. axb3 cxd4 11. exd4 Bf5 12. Nbd2 Ne4 13. b4 Nxd2 14. Bxd2 a6
15. Bf4 f6 16. b5 axb5 17. Bxb5 g5 18. Bc7 g4 19. hxg4 Bxg4 20. Nd2 e5 21. dxe5
fxe5 22. Rfe1 Rae8 23. Ra4 Bc8 24. c4 Be6 25. cxd5 Bxd5 26. Ne4 Rc8 27. Bd6
Rfd8 28. Ba3 Nd4 29. Bd3 Bc6 30. Ra5 Nf3+ 31. gxf3 Rxd3 32. Re3 Rd1+ 33. Kg2
Bh6 34. Rc3 Bf4 35. Rac5 Kf7 36. b4 Rg8+ 37. Ng3 Rd2 38. Kf1 Rd1+ 39. Ke2 Rd2+
40. Ke1 Ra2 41. Bc1 Bxg3 42. fxg3 Rxg3 43. Be3 Rh3 44. Rc2 Rxc2 45. Rxc2 Rxf3
46. Ke2 Rh3 47. Rc5 Ke6 48. b5 Bf3+ 49. Kf2 Bd5 50. b6 h5 51. Rc7 Rf3+ 52. Ke2
Rf7 53. Rc2 h4 54. Bg1 h3 55. Ke3 Rf3+ 56. Ke2 Rg3 57. Kf1 Be4 58. Rd2 Bd3+ 59.
Kf2 Rg2+ 60. Ke3 Rxg1 61. Kxd3 Rg2 62. Rd1 h2 63. Rh1 Kf5 64. Ke3 Kg4 0-1

[Event "SV Erkenschwick 1 - Klub Kölner SF 1"]
[Site "Oberliga NRW 2018/2019"]
[Date "2018.12.09"]
[Round "4.7"]
[White "Schmidt, Martin"]
[Black "Eggenstein, Frank"]
[Result "1-0"]
[WhiteElo "2204"]
[BlackElo "1930"]
[PlyCount "75"]
[EventDate "2018.??.??"]
[WhiteTeam "Klub Kölner SF 1"]
[BlackTeam "SV Erkenschwick 1"]

1. e4 g6 2. d4 Bg7 3. Nf3 d6 4. Bc4 e6 5. Bb3 Nd7 6. O-O Ne7 7. a4 a6 8. a5 O-O
9. Bg5 h6 10. Bh4 Nf6 11. Nbd2 Nh7 12. e5 d5 13. c4 dxc4 14. Bxe7 Qxe7 15. Bxc4
Bd7 16. d5 exd5 17. Bxd5 Rab8 18. Re1 Be6 19. Bxe6 Qxe6 20. Qc2 Rfc8 21. Nb3
Nf8 22. Nc5 Qe8 23. Rad1 Kh7 24. h4 Kg8 25. Qc4 Kh8 26. b4 Kg8 27. Qe4 Ne6 28.
Nd7 Ra8 29. Qxb7 Qe7 30. Qc6 Qxb4 31. Nf6+ Bxf6 32. exf6 Qb5 33. Rxe6 Qxa5 34.
Re7 Qa2 35. Ne5 Qb3 36. Qd7 Rf8 37. Qg4 Rad8 38. Qxg6+ 1-0